000
00316 a2200157 4500
001
46250
020
_a
9788502092334
040
_c
Anchieta - Aquarius
100
_a
Aguiar, Laura
240
1
0
_a
*Formas
_l
por
245
1
0
_a
*Formas
300
_a
362
0
_a
2001
650
4
_a
Literatura infantil
942
_c
BK
999
_c
46250
_d
46250